000 00689nam a2200217 a 4500
005 20250213063817.0
008 060810s2005 mx r 000 0 spa d
020 _a9684116411
035 _aUPN01000146165
049 _aCG
050 4 _aQE535.2 M6
_bM6.6
100 1 _aMonsiváis, Carlos,
_d1938-2010
_928357
245 1 1 _a"No sin nosotros" :
_blos días del terremoto 1985-2005 /
_cCarlos Monsiváis.
260 _aMéxico :
_bEra,
_c2005.
300 _a166 p, [2] h. de láms. :
_bil.
440 0 _aBolsillo Era
650 4 _aSISMOS -
_zMEXICO
_926662
651 4 _aDistrito Federal (México)
_xSismo, 1985
_926663
650 4 _aMovimientos sociales
_zMéxico
_916658
905 _aLibro
999 _c118311
_d118311